AFRICAN theatre companies
Salvato in:
| Natura: | Libro |
|---|---|
| Lingua: | inglese |
| Pubblicazione: |
James Curry
2008
|
| Tags: |
Aggiungi Tag
Nessun Tag, puoi essere il primo ad aggiungerne!!
|
MARC
| LEADER | 00000nam a22000007a 4500 | ||
|---|---|---|---|
| 008 | 211029b ||||| |||| 00| 0 eng d | ||
| 020 | |a 9781847015006 | ||
| 245 | |a AFRICAN theatre companies |c edited by James Gibbs |e Africa theatre |g XVI, 176p. | ||
| 250 | |c GIBBS James and PLASTOW Jane | ||
| 260 | |b James Curry |c 2008 |h New York |i 667454 |l PN 2000 .AF8 |m Theatre -- African |m Theatre -- Production and direction - Africa | ||
| 500 | |a It has index | ||
| 942 | |a lcc |c BK |e Adeyeye Y. S. |f 29/10/21 | ||
| 952 | |0 0 |1 0 |2 lcc |4 0 |6 PN2000 A F8 |7 0 |9 3764 |a HOL |b HOL |c LP |d 2021-10-29 |l 0 |o PN 2000 Af8 |p 2021-67496 |r 2021-10-29 00:00:00 |w 2021-10-29 |y BK | ||
| 999 | |c 1875 |d 1875 | ||